Estatísticas para Quiz dos 7 Pecados Capitais

Clique aqui para jogar o quiz

Estatísticas Gerais

  • Esse quiz foi jogado 14 552 vezes
  • A pontuação média é 5 de 7

Estatísticas das Respostas

Pecado Capital% Correto
Gula
96%
Inveja
83%
Luxúria
79%
Ira
78%
Preguiça
75%
Avareza
69%
Soberba
61%

Distribuição das Pontuações

Percentil de Números Respondidos

Porcentagem de Pessoas com Cada Pontuação

Sua Pontuação Histórica

Você não jogou esse quiz